| 000 | 00613nam a22001697a 4500 | ||
|---|---|---|---|
| 008 | 230427b |||||||| |||| 00| 0 eng d | ||
| 040 |
_aNational Science Library _cNational Science Library |
||
| 080 |
_a504.06(082.2) _bP6 |
||
| 245 |
_aProceedings of national conference on environmental conservation September 1-3, 2006 _c/ Birla Institute of Technology and Science |
||
| 260 |
_aRajasthan: _bBirla Institute of Technology and Science, _c2006 |
||
| 300 | _axvi, 802p. | ||
| 650 | _aScience | ||
| 653 | _aEnvironmental | ||
| 700 | _aBabu, B V (Ed.) | ||
| 700 | _aRamakrishna, V (Ed.) | ||
| 942 |
_2udc _cPR |
||
| 999 |
_c23932 _d23932 |
||